[Event "RSA-chT U20"]
[Site "Cape Town"]
[Date "2016.01.06"]
[Round "6.5"]
[White "Olehile, Kamogelo"]
[Black "Ndunakazi, Nobuhle"]
[Result "1/2-1/2"]
[WhiteElo "1259"]
[BlackElo "1196"]
[PlyCount "88"]
[EventDate "2016.01.04"]
[EventType "team-tourn"]
[EventRounds "7"]
[EventCountry "RSA"]
[SourceTitle "CBM 170 Extra"]
[Source "ChessBase"]
[SourceDate "2016.02.25"]
[SourceVersion "1"]
[SourceVersionDate "2016.02.25"]
[SourceQuality "1"]
[WhiteTeam "Johannesburg Metro"]
[BlackTeam "Ethekwini"]
[WhiteTeamCountry "RSA"]
[BlackTeamCountry "RSA"]

1. e4 e5 2. Nf3 d6 3. Bc4 Be7 4. d4 Nf6 5. dxe5 dxe5 6. Qxd8+ Bxd8 7. Nxe5 0-0 8. Nc3 Nbd7 9. Nxd7 Bxd7 10. 0-0 Bc6 11. e5 Nd7 12. e6 fxe6 13. Bxe6+ Kh8 14. Bxd7 Bxd7 15. Be3 Bf6 16. Nd5 c6 17. Nxf6 Rxf6 18. Rad1 Be6 19. b3 a6 20. Rd2 h6 21. Rfd1 Kh7 22. Rd8 Rxd8 23. Rxd8 Rf7 24. Kf1 Bf5 25. c4 Rd7 26. Rxd7 Bxd7 27. Ke2 b5 28. Kd3 Bf5+ 29. Kd4 Bb1 30. a3 Bc2 31. cxb5 axb5 32. b4 Bb3 33. h4 Kg6 34. Ke5 h5 35. g3 Kf7 36. Kf5 g6+ 37. Kg5 Bd5 38. g4 Bf3 39. gxh5 Bxh5 40. f4 Bf3 41. f5 gxf5 42. Kxf5 Kg7 43. Ke6 Kh7 44. Kd6 Bh1 1/2-1/2